UITU Library & LRC     

Disaster Loss Estimation Tool (DESTIMETER) (Record no. 32371)

MARC details
000 -LEADER
fixed length control field 00452nam a2200133Ia 4500
008 - FIXED-LENGTH DATA ELEMENTS--GENERAL INFORMATION
fixed length control field 260210s9999 xx 000 0 und d
024 ## - OTHER STANDARD IDENTIFIER
Standard number or code 11B-019-BS, 11B-016-BS & 11B-020-BS
082 ## - DEWEY DECIMAL CLASSIFICATION NUMBER
Classification number 005.13072 SYE
100 ## - MAIN ENTRY--PERSONAL NAME
Personal name Syed Daniyal Ali, Taha Siddiqui & Syed Abdullah Jafri
245 #0 - TITLE STATEMENT
Title Disaster Loss Estimation Tool (DESTIMETER)
260 ## - PUBLICATION, DISTRIBUTION, ETC.
Place of publication, distribution, etc. Karachi:
Name of publisher, distributor, etc. UITU,
Date of publication, distribution, etc. 2011
600 ## - SUBJECT ADDED ENTRY--PERSONAL NAME
Personal name Computer Science
650 ## - SUBJECT ADDED ENTRY--TOPICAL TERM
Topical term or geographic name entry element Bachelor of Computer Science (BS)

No items available.

Powered by Koha